| 000 | 00680nam a2200229Ia 4500 | ||
|---|---|---|---|
| 003 | OSt | ||
| 005 | 20230503141715.0 | ||
| 008 | 210423s2013 xx 000 0 und d | ||
| 020 | _a978-3-527-33004-1 | ||
| 040 | _cAL | ||
| 041 | _aeng | ||
| 082 |
_a543.0858 _223 _bGUNN |
||
| 100 |
_aGUNTHER (Harald) _997112 |
||
| 245 | _aNMR spectroscopy: basic principles concepts and applications in chemistry Ed 3 | ||
| 250 | _a3 | ||
| 260 |
_aGermany _bWiley Vch Publication _c2013 |
||
| 300 |
_axvi,718 _bHB |
||
| 365 |
_b13440 _cUSD |
||
| 650 |
_aSpectroscopy _997113 |
||
| 906 | _aapplications ; basic ; chemistry ; concepts ; NMR ; principles ; spectroscopy: | ||
| 942 |
_2ddc _cBK |
||
| 999 |
_c170892 _d170892 |
||